Beköltözött az onkológia
Elmentve itt :
| Dokumentumtípus: | Cikk |
|---|---|
| Megjelent: |
2009-01-06
|
| Sorozat: | Délmagyarország
99 No. 4 |
| Kulcsszavak: | Szeged, Egészségügy gyógyítás onkológia Szeged, Szegedi Tudományegyetem. Onkoterápiás Klinika |
| Online Access: | http://dmarchiv.bibl.u-szeged.hu/141156 |
| LEADER | 00486nab a2200145 i 4500 | ||
|---|---|---|---|
| 001 | delm141156 | ||
| 005 | 20200213113020.0 | ||
| 008 | 200213s2009 hu o 0|| hun d | ||
| 040 | |a SZTE Délmagyarország Archívum |b hun | ||
| 041 | |a hun | ||
| 245 | 0 | 0 | |a Beköltözött az onkológia |h [elektronikus dokumentum] |
| 260 | |c 2009-01-06 | ||
| 300 | |a 5 | ||
| 490 | 0 | |a Délmagyarország |v 99 No. 4 | |
| 695 | |a Szeged, Egészségügy gyógyítás onkológia Szeged, Szegedi Tudományegyetem. Onkoterápiás Klinika | ||